雄勝鉄道の駅くらい読めるよねぇ? - Statistics

General Stats
  • This quiz has been taken 89 times
  • The average score is 5 of 7
Answer Stats
漢字 読み % Correct
湯沢 ゆざわ
100%
あぐりこ あぐりこ
100%
貝沢 かいざわ
99%
羽後三輪 うごみわ
89%
ふもと
38%
西馬音内 にしもない
37%
元西馬音内 もとにしもない
37%
No matching quizzes found
Score Distribution
Percent of People with Each Score
Percentile by Number Answered
Your Score History
You have not taken this quiz